01406nam a2200277 a 4500001001000000003000900010005001700019008004100036040002500077082001800102245003400120260005800154300002100212505037300233590002600606610004300632650003800675650003300713650002500746650005500771910003800826942001400864952011500878952012000993999001501113000006391DO-SdBNP20260123123144.0090828s2000 dr r 001 0 spa d aDO-SdBNPbspacBNPHU a341.77bC827p03aLa corte penal internacional. aSanto Domingo :bLibrería La Filantrópica,c2000. a535 p. ;c21 cm.0 aPresentación --tImpunidad, globalización de la justicia penal /rJuan Miguel Castillo Pantaleón --tEstatuto de Roma, de la Corte Penal Internacional, aprobado el 17 de julio de 1998 --tInformes de la Comisión preparatoria: proyecto de texto definitivo de los elementos de los crímenes; proyecto de texto definitivo de las reglas de procedimiento y prueba. aInventariado, 2018/BT20aCorte internacional de justicia988900 4aTribunales internacionales917772 0aDerecho internacional 93258 0aDerecho penal917405 4aProcedimiento penal (derecho internacional)917773 aValidado. Control de calidad. EMS 2ddccLBS1 0010718PDaPDbPDcHDd2009-08-28iLF1l0o341.77 C827pp6391-10r2020-06-25w2020-06-25yLFPDZNo se presta 0010718PDaPDbPDcHDd2009-08-28iLF1l0o341.77 C827pp6391-20r2020-06-25te.2w2020-06-25yLFPDZNo se presta c6186d6186